MARC

LEADER 00000nam0a2200000 4500
001 370470
005 20231102012301.0
035 |a (RuTPU)RU\TPU\retro\27879 
090 |a 370470 
100 |a 20220704d1978 km y0rusy50 ca 
101 0 |a rus 
102 |a RU 
105 |a a z 001zy 
200 1 |a Управление качеством и надежностью сложных систем  |e сборник  |f Академия наук СССР, Дальневосточное отделение, Институт автоматики и процессов управления 
210 |a Владивосток  |c [Б. и.]  |d 1978 
215 |a 144 с.  |c ил. 
320 |a Библиография в конце статей 
606 1 |a Сложные системы  |x Надежность  |2 stltpush  |3 (RuTPU)RU\TPU\subj\55201  |9 73261 
610 1 |a технические объекты 
610 1 |a качество 
610 1 |a управление 
610 1 |a параметрическая идентификация 
610 1 |a моделирование 
610 1 |a эксплуатация 
610 1 |a оптимальные режимы 
610 1 |a функционирование 
675 |a 681.51-192  |v 4 
712 0 2 |a Академия наук СССР  |b Дальневосточное отделение  |b Институт автоматики и процессов управления  |c (Владивосток)  |2 stltpush  |3 (RuTPU)RU\TPU\col\4503  |9 23992 
801 1 |a RU  |b 63413507  |c 20220704 
942 |c BK